Statistics for Odd One Out Challenge

Click here to take the quiz!

General Stats

  • This quiz has been taken 68 times
    (54 since last reset)
  • The average score is 7 of 22

Answer Stats

QuestionAnswer% Correct
Original?Queen
57%
Spelling?Accommodate
48%
Colour ModelsGreen
45%
Symbols|
43%
No-sense Maths7 x 2 = 30
43%
UK or USfibre
40%
SpeelingHankerchief
38%
An easy one for you.22 + 33
36%
ComputingTouch Screen
36%
Basic ICT EquipmentJ
33%
Death Truths or LiesYou can die from holding your breath for too long.
29%
Numbers. Something near enough to Squares?62
26%
Is the letter order important?Banish
24%
Physics UnitsGram
24%
The Impossible QuizzesHow many holes in two rolos?
24%
Gaming Truths or LiesThe original Space Invaders game involved the Invaders coming 'straight down'. This was scrapped as it made the game too hard.
24%
GamesGLaDOS
19%
I don't want any dots, only dashes.W
19%
Shift?£X$+!£
19%
BBC Radio 7BBC Radio 4 Extra
17%
On my own.Spit
17%
1/2 87
5%

Score Distribution

Percentile by Number Answered

Percent of People with Each Score

Your Score History

You have not taken this quiz since the last reset